000 00464nam a2200157 i 4500
001 bg
245 0 _aZałożenia materializmu historycznego /
_czesp. red. Jerzy Kmita [et al.].
260 _aWarszawa :
_bPWN,
_c1978.
490 1 _aPoznańskie Studia z Filozofii Nauki ;
_vz.3
700 1 _aKmita, Jerzy.
_eRed.
830 _aPoznańskie Studia z Filozofii Nauki ;
040 _cBPK
041 _apol
942 _cKS
008 s pl f |000 0 pol
999 _c17872
_d17872
856 _uhttp://koha.tu.koszalin.pl/cgi-bin/koha/opac-detail.pl?biblionumber=17872
_yKatalog online BPK